Tác động của chất lượng thể chế đến hoạt động xuất khẩu của các doanh nghiệp vừa và nhỏ ở Việt Nam /
Spremljeno u:
| Glavni autor: | |
|---|---|
| Daljnji autori: | |
| Format: | Članak |
| Jezik: | Vietnamese |
| Teme: | |
| Oznake: |
Dodaj oznaku
Bez oznaka, Budi prvi tko označuje ovaj zapis!
|
| Thư viện lưu trữ: | Thư viện Trường Đại học Đà Lạt |
|---|
| LEADER | 00955nam a2200289 4500 | ||
|---|---|---|---|
| 001 | DLU180188050 | ||
| 005 | ##20181022 | ||
| 040 | # | # | |a DLU |b vie |
| 041 | # | # | |a vie |
| 044 | # | # | |a vn |
| 100 | # | # | |a Trần Quang Tuyến. |
| 245 | # | # | |a Tác động của chất lượng thể chế đến hoạt động xuất khẩu của các doanh nghiệp vừa và nhỏ ở Việt Nam / |c Trần Quang Tuyến, Vũ Văn Hưởng. |
| 653 | # | # | |a Chất lượng thể chế |
| 653 | # | # | |a Doanh nghiệp vừa và nhỏ |
| 653 | # | # | |a Tham nhũng |
| 653 | # | # | |a Xuất khẩu |
| 700 | # | # | |a Vũ Văn Hưởng. |
| 773 | # | # | |t Kinh tế & Phát triển |g Số 230, 2016, tr. 46-53 |
| 920 | # | # | |a Phòng Tạp chí -- Trung tâm Thông tin - Thư viện Trường Đại học Đà Lạt |
| 994 | # | # | |a DLU |
| 900 | # | # | |a True |
| 911 | # | # | |a Nguyễn Thị Thu Phương |
| 925 | # | # | |a G |
| 926 | # | # | |a A |
| 927 | # | # | |a BB |
| 980 | # | # | |a Thư viện Trường Đại học Đà Lạt |